000 00791cam a2200229 a 4500
001 3941187
005 20180917041559.0
008 930223s1993 nyua b 001 0 eng
010 _a 93009880
020 _a0471599182 (alk. paper) :
_c$39.95
040 _aDLC
_cDLC
_dDLC
041 _aeng
080 _a658.4012 BOA
082 0 0 _a658.4012 BOA
_220
100 1 _aMEN
101 _a53
245 1 4 _aThe art of strategic planning for information technology :
_cBernard H. Boar.
504 _aIncludes bibliographical references and index.
906 _a7
_bcbc
_corignew
_d1
_eocip
_f19
_gy-gencatlg
942 _2ddc
_cBK
999 _c47853
_d47853